[Event "GER-ch Youth U10W 2020"]
[Site "Willingen"]
[Date "2020.10.30"]
[Round "5.10"]
[White "Tran, Hanna Emilie Mai Hoa"]
[Black "Richter, Johanna"]
[Result "0-1"]
[WhiteElo "986"]
[BlackElo "1150"]
[Annotator "NA RC"]
[PlyCount "192"]
[EventDate "2020.10.27"]
[EventType "swiss"]
[EventRounds "7"]
[EventCountry "GER"]
[SourceTitle "playchess.com"]
[Source "ChessBase"]
[SourceQuality "1"]
[TimeControl "40/4500+30:900+30"]

1. e4 {[%emt 0:00:00]} c5 {[%emt 0:00:00]} 2. Nf3 {[%emt 0:00:00]} Nc6 {[%emt 0:00:00]} 3. d4 {[%emt 0:00:08]} cxd4 {[%emt 0:00:00]} 4. Nxd4 {[%emt 0:00:15]} Nf6 {[%emt 0:00:00]} 5. Nc3 {[%emt 0:00:23]} e5 {[%emt 0:00:05]} 6. Ndb5 {[%emt 0:00:30]} d6 {[%emt 0:00:07]} 7. Nd5 {[%emt 0:03:17]} Nxd5 {[%emt 0:01:24]} 8. exd5 {[%emt 0:00:11]} Nb8 {[%emt 0:00:20]} 9. Nc3 {[%emt 0:00:19]} Be7 {[%emt 0:02:35]} 10. Bd3 {[%emt 0:01:00]} O-O {[%emt 0:00:52]} 11. O-O {[%emt 0:00:23]} f5 {[%emt 0:01:12]} 12. f3 {[%emt 0:01:49]} Nd7 {[%emt 0:07:09]} 13. b3 {[%emt 0:06:15]} Nc5 {[%emt 0:03:26]} 14. f4 {[%emt 0:03:09]} Nxd3 {[%emt 0:07:32]} 15. Qxd3 {[%emt 0:00:38]} e4 {[%emt 0:01:45]} 16. Qg3 {[%emt 0:00:19]} Bf6 {[%emt 0:01:52]} 17. Bb2 {[%emt 0:00:15]} Bh4 {[%emt 0:04:49]} 18. Qh3 {[%emt 0:01:25]} Bd7 {[%emt 0:02:56]} 19. Ba3 {[%emt 0:01:16]} Bf6 {[%emt 0:03:57]} 20. Bxd6 {[%emt 0:00:53]} Qb6+ {[%emt 0:04:02]} 21. Kh1 {[%emt 0:02:53]} Qxd6 {[%emt 0:00:21]} 22. Rad1 {[%emt 0:00:34]} Bxc3 {[%emt 0:00:52]} 23. Qxc3 {[%emt 0:00:14]} Rac8 {[%emt 0:01:24]} 24. Qe3 {[%emt 0:00:52]} a6 {[%emt 0:01:40]} 25. c4 {[%emt 0:00:51]} b5 {[%emt 0:00:59]} 26. cxb5 {[%emt 0:00:25]} Bxb5 {[%emt 0:00:06]} 27. Rf2 {[%emt 0:00:10]} Rfd8 {[%emt 0:01:13]} 28. a4 {[%emt 0:00:58]} Be8 {[%emt 0:00:23]} 29. h3 {[%emt 0:00:59]} Rc5 {[%emt 0:03:34]} 30. Rdf1 {[%emt 0:02:54]} Rxd5 {[%emt 0:04:17]} 31. Qa7 {[%emt 0:03:12]} Rd3 {[%emt 0:07:17]} 32. Kh2 {[%emt 0:01:21]} Rxb3 {[%emt 0:01:20]} 33. Rc1 {[%emt 0:00:46]} Qd3 {[%emt 0:11:43]} 34. Kg1 {[%emt 0:00:59]} Rb1 {[%emt 0:01:29]} 35. Rcf1 {[%emt 0:00:44]} Rxf1+ {[%emt 0:00:17]} 36. Rxf1 {[%emt 0:00:10]} Bxa4 {[%emt 0:00:42]} 37. Rc1 {[%emt 0:01:12]} Bb5 {[%emt 0:01:33]} 38. Kh1 {[%emt 0:01:34]} e3 {[%emt 0:01:47]} 39. Kh2 {[%emt 0:00:43]} Qd7 {[%emt 0:00:49]} 40. Qxe3 {[%emt 0:01:00]} Qd2 {[%emt 0:04:20]} 41. Qxd2 {[%emt 0:15:45]} Rxd2 {[%emt 0:15:05]} 42. Rc8+ {[%emt 0:00:04]} Kf7 {[%emt 0:00:08]} 43. Rc7+ {[%emt 0:00:08]} Rd7 {[%emt 0:00:04]} 44. Rc5 {[%emt 0:00:21]} g6 {[%emt 0:00:45]} 45. g4 {[%emt 0:00:16]} Rd2+ {[%emt 0:00:06]} 46. Kg1 {[%emt 0:00:10]} fxg4 {[%emt 0:00:29]} 47. hxg4 {[%emt 0:00:08]} Rd4 {[%emt 0:00:16]} 48. Rc7+ {[%emt 0:00:14]} Rd7 {[%emt 0:00:12]} 49. Rc5 {[%emt 0:00:12]} Rb7 {[%emt 0:00:11]} 50. f5 {[%emt 0:00:14]} g5 {[%emt 0:01:15]} 51. Rc2 {[%emt 0:00:19]} a5 {[%emt 0:00:20]} 52. Rh2 {[%emt 0:00:12]} Kg7 {[%emt 0:00:32]} 53. Rh5 {[%emt 0:00:09]} h6 {[%emt 0:00:28]} 54. f6+ {[%emt 0:00:17]} Kg6 {[%emt 0:00:06]} 55. Rh3 {[%emt 0:00:32]} Rd7 {[%emt 0:00:21]} 56. Rf3 {[%emt 0:00:21]} Rf7 {[%emt 0:00:59]} 57. Rf5 {[%emt 0:00:46]} a4 {[%emt 0:01:28]} 58. Rxb5 {[%emt 0:00:17]} a3 {[%emt 0:00:06]} 59. Ra5 {[%emt 0:00:05]} Rxf6 {[%emt 0:00:33]} 60. Rxa3 {[%emt 0:00:06]} Rf4 {[%emt 0:00:08]} 61. Rg3 {[%emt 0:00:11]} h5 {[%emt 0:03:55]} 62. gxh5+ {[%emt 0:00:22]} Kxh5 {[%emt 0:00:11]} 63. Rh3+ {[%emt 0:00:09]} Kg4 {[%emt 0:00:45]} 64. Rh2 {[%emt 0:00:23]} Rf3 {[%emt 0:00:14]} 65. Rg2+ {[%emt 0:00:12]} Rg3 {[%emt 0:00:04]} 66. Kh1 {[%emt 0:00:40]} Kh4 {[%emt 0:01:05]} 67. Kg1 {[%emt 0:00:13]} Rxg2+ {[%emt 0:00:12]} 68. Kxg2 {[%emt 0:00:07]} Kg4 {[%emt 0:00:02]} 69. Kf2 {[%emt 0:00:17]} Kh3 {[%emt 0:00:16]} 70. Kg1 {[%emt 0:00:20]} Kg3 {[%emt 0:00:13]} 71. Kf1 {[%emt 0:00:08]} Kh2 {[%emt 0:00:03]} 72. Kf2 {[%emt 0:00:17]} g4 {[%emt 0:00:05]} 73. Kf1 {[%emt 0:00:16]} g3 {[%emt 0:00:34]} 74. Ke2 {[%emt 0:00:12]} g2 {[%emt 0:00:03]} 75. Kd3 {[%emt 0:00:06]} g1=Q {[%emt 0:00:10]} 76. Ke4 {[%emt 0:00:13]} Qd1 {[%emt 0:00:24]} 77. Ke5 {[%emt 0:00:32]} Qd3 {[%emt 0:00:17]} 78. Ke6 {[%emt 0:00:23]} Qd4 {[%emt 0:00:05]} 79. Kf5 {[%emt 0:00:08]} Kh3 {[%emt 0:00:21]} 80. Ke6 {[%emt 0:00:10]} Qc5 {[%emt 0:00:09]} 81. Kf6 {[%emt 0:00:05]} Kh4 {[%emt 0:00:07]} 82. Ke6 {[%emt 0:00:09]} Kg4 {[%emt 0:00:35]} 83. Kf6 {[%emt 0:00:07]} Qf5+ {[%emt 0:00:13]} 84. Ke7 {[%emt 0:00:06]} Qg6 {[%emt 0:00:08]} 85. Kd7 {[%emt 0:00:05]} Kf4 {[%emt 0:00:05]} 86. Kc7 {[%emt 0:00:05]} Ke5 {[%emt 0:00:06]} 87. Kb7 {[%emt 0:00:08]} Kd5 {[%emt 0:00:09]} 88. Kc7 {[%emt 0:00:10]} Qd6+ {[%emt 0:00:20]} 89. Kb7 {[%emt 0:00:06]} Qc6+ {[%emt 0:00:24]} 90. Ka7 {[%emt 0:00:13]} Qh6 {[%emt 0:00:06]} 91. Kb7 {[%emt 0:00:06]} Kc5 {[%emt 0:00:05]} 92. Kc7 {[%emt 0:00:08]} Qh7+ {[%emt 0:00:04]} 93. Kd8 {[%emt 0:00:10]} Kc6 {[%emt 0:00:06]} 94. Ke8 {[%emt 0:00:07]} Kd6 {[%emt 0:00:20]} 95. Kf8 {[%emt 0:00:04]} Ke6 {[%emt 0:00:20]} 96. Ke8 {[%emt 0:00:05]} Qh8# {[%emt 0:00:03]} 0-1

[Event "GER-ch Youth U10W 2020"]
[Site "Willingen"]
[Date "2020.10.30"]
[Round "5.11"]
[White "Will, Elina"]
[Black "Zhou, Leyi Charlotte"]
[Result "1-0"]
[WhiteElo "1149"]
[BlackElo "1071"]
[Annotator "NA RC"]
[PlyCount "83"]
[EventDate "2020.10.27"]
[EventType "swiss"]
[EventRounds "7"]
[EventCountry "GER"]
[SourceTitle "playchess.com"]
[Source "ChessBase"]
[SourceQuality "1"]
[TimeControl "40/4500+30:900+30"]

1. e4 {[%emt 0:00:00]} e5 {[%emt 0:00:00]} 2. Nf3 {[%emt 0:00:00]} Nc6 {[%emt 0:00:00]} 3. d4 {[%emt 0:00:00]} exd4 {[%emt 0:00:00]} 4. Nxd4 {[%emt 0:00:00]} Qf6 {[%emt 0:00:00]} 5. c3 {[%emt 0:00:57]} Bc5 {[%emt 0:00:04]} 6. Be3 {[%emt 0:00:08]} Nge7 {[%emt 0:00:12]} 7. Be2 {[%emt 0:01:14]} Qg6 {[%emt 0:00:20]} 8. Bf3 {[%emt 0:00:30]} Ne5 {[%emt 0:01:38]} 9. O-O {[%emt 0:01:43]} d6 {[%emt 0:01:48]} 10. Nd2 {[%emt 0:00:42]} Bh3 {[%emt 0:03:36]} 11. Re1 {[%emt 0:01:41]} Nd3 {[%emt 0:02:23]} 12. Qe2 {[%emt 0:02:44]} Nxe1 {[%emt 0:03:36]} 13. Rxe1 {[%emt 0:00:32]} O-O {[%emt 0:03:41]} 14. Kh1 {[%emt 0:01:54]} Bd7 {[%emt 0:03:30]} 15. Nc2 {[%emt 0:14:35]} Bb6 {[%emt 0:02:32]} 16. Na3 {[%emt 0:09:19]} Qe6 {[%emt 0:02:04]} 17. Ndc4 {[%emt 0:01:40]} Bxe3 {[%emt 0:01:30]} 18. Nxe3 {[%emt 0:01:43]} Rfe8 {[%emt 0:05:30]} 19. c4 {[%emt 0:01:49]} Nc6 {[%emt 0:01:00]} 20. Nd5 {[%emt 0:06:05]} Rac8 {[%emt 0:03:41]} 21. Nb5 {[%emt 0:02:15]} Qe5 {[%emt 0:05:02]} 22. b3 {[%emt 0:02:49]} a6 {[%emt 0:01:45]} 23. Nbxc7 {[%emt 0:06:33]} Red8 {[%emt 0:01:02]} 24. Rd1 {[%emt 0:05:33]} Nd4 {[%emt 0:02:42]} 25. Rxd4 {[%emt 0:00:45]} Qxd4 {[%emt 0:02:06]} 26. Ne7+ {[%emt 0:00:09]} Kf8 {[%emt 0:00:48]} 27. Nxc8 {[%emt 0:06:45]} Rxc8 {[%emt 0:00:37]} 28. Nd5 {[%emt 0:00:33]} Qa1+ {[%emt 0:01:09]} 29. Qd1 {[%emt 0:00:37]} Qxa2 {[%emt 0:02:01]} 30. Nb6 {[%emt 0:00:22]} Rc6 {[%emt 0:04:06]} 31. Nxd7+ {[%emt 0:00:16]} Ke7 {[%emt 0:00:16]} 32. e5 {[%emt 0:01:07]} Kxd7 {[%emt 0:04:30]} 33. Bxc6+ {[%emt 0:00:10]} bxc6 {[%emt 0:00:38]} 34. Qxd6+ {[%emt 0:00:13]} Ke8 {[%emt 0:00:47]} 35. Qxc6+ {[%emt 0:00:10]} Kf8 {[%emt 0:00:27]} 36. Qd6+ {[%emt 0:00:20]} Ke8 {[%emt 0:00:07]} 37. Qc6+ {[%emt 0:04:35]} Kd8 {[%emt 0:05:34]} 38. Qd6+ {[%emt 0:00:08]} Kc8 {[%emt 0:00:17]} 39. Qf8+ {[%emt 0:00:20]} Kb7 {[%emt 0:00:16]} 40. Qxf7+ {[%emt 0:00:08]} Kc6 {[%emt 0:00:44]} 41. Qe6+ {[%emt 0:15:09]} Kc5 {[%emt 0:15:19]} 42. Qd6# {[%emt 0:00:10]} 1-0

[Event "GER-ch Youth U10W 2020"]
[Site "Willingen"]
[Date "2020.10.30"]
[Round "5.12"]
[White "Le, Thi An"]
[Black "Zhou, Jenny"]
[Result "1-0"]
[WhiteElo "976"]
[BlackElo "1131"]
[Annotator "NA RC"]
[PlyCount "76"]
[EventDate "2020.10.27"]
[EventType "swiss"]
[EventRounds "7"]
[EventCountry "GER"]
[SourceTitle "playchess.com"]
[Source "ChessBase"]
[SourceQuality "1"]
[TimeControl "40/4500+30:900+30"]

1. e4 {[%emt 0:00:00]} e5 {[%emt 0:00:00]} 2. Nf3 {[%emt 0:00:00]} Nc6 {[%emt 0:00:00]} 3. Bc4 {[%emt 0:00:00]} Bc5 {[%emt 0:00:00]} 4. c3 {[%emt 0:00:00]} Nf6 {[%emt 0:00:00]} 5. d4 {[%emt 0:00:00]} exd4 {[%emt 0:00:01]} 6. cxd4 {[%emt 0:00:00]} Bb4+ {[%emt 0:00:04]} 7. Bd2 {[%emt 0:00:03]} Bxd2+ {[%emt 0:00:19]} 8. Nbxd2 {[%emt 0:00:10]} d5 {[%emt 0:00:04]} 9. exd5 {[%emt 0:00:15]} Nxd5 {[%emt 0:00:06]} 10. Qb3 {[%emt 0:00:25]} Nce7 {[%emt 0:00:07]} 11. O-O {[%emt 0:00:36]} O-O {[%emt 0:00:04]} 12. Rfe1 {[%emt 0:00:37]} c6 {[%emt 0:00:08]} 13. Re2 {[%emt 0:02:29]} Nb6 {[%emt 0:03:02]} 14. Rae1 {[%emt 0:02:03]} Ned5 {[%emt 0:05:20]} 15. Bd3 Be6 {[%emt 0:05:10]} 16. Qc2 {[%emt 0:06:07]} h6 {[%emt 0:01:28]} 17. g3 {[%emt 0:03:32]} Nb4 {[%emt 0:01:40]} 18. Qb1 {[%emt 0:01:52]} Nxd3 19. Qxd3 {[%emt 0:01:45]} c5 {[%emt 0:03:33]} 20. a3 {[%emt 0:00:57]} c4 {[%emt 0:01:29]} 21. Qc2 {[%emt 0:00:39]} Qd7 22. Nh4 {[%emt 0:02:00]} Qd5 {[%emt 0:07:07]} 23. Ndf3 Bg4 {[%emt 0:02:23]} 24. Re3 {[%emt 0:02:24]} Rac8 {[%emt 0:02:59]} 25. Qb1 {[%emt 0:03:09]} Na4 {[%emt 0:02:27]} 26. b4 c3 {[%emt 0:01:16]} 27. Qc2 {[%emt 0:06:12]} b5 {[%emt 0:01:25]} 28. Re5 {[%emt 0:02:24]} Qb7 29. Re7 {[%emt 0:00:24]} Qd5 {[%emt 0:04:11]} 30. R1e5 {[%emt 0:01:33]} Qc6 {[%emt 0:01:37]} 31. Rc5 {[%emt 0:01:29]} Nxc5 {[%emt 0:00:31]} 32. dxc5 {[%emt 0:01:19]} Bxf3 {[%emt 0:00:38]} 33. Nxf3 {[%emt 0:01:17]} Qxf3 34. Re3 {[%emt 0:01:11]} Qc6 {[%emt 0:01:06]} 35. Qxc3 {[%emt 0:00:54]} Rfe8 {[%emt 0:00:31]} 36. Rd3 {[%emt 0:01:10]} Rcd8 {[%emt 0:00:28]} 37. Rxd8 {[%emt 0:00:44]} Rxd8 {[%emt 0:00:52]} 38. Qc2 {[%emt 0:01:04]} Qf3 {[%emt 0:00:18]} 1-0

[Event "GER-ch Youth U10W 2020"]
[Site "Willingen"]
[Date "2020.10.30"]
[Round "5.13"]
[White "Becker, Hanna Charlotte"]
[Black "Le, Thao-Linh"]
[Result "1-0"]
[WhiteElo "853"]
[BlackElo "1121"]
[Annotator "NA RC"]
[PlyCount "45"]
[EventDate "2020.10.27"]
[EventType "swiss"]
[EventRounds "7"]
[EventCountry "GER"]
[SourceTitle "playchess.com"]
[Source "ChessBase"]
[SourceQuality "1"]
[TimeControl "40/4500+30:900+30"]

1. d4 {[%emt 0:00:00]} d5 {[%emt 0:00:56]} 2. c4 {[%emt 0:00:00]} Nc6 {[%emt 0:01:49]} 3. cxd5 {[%emt 0:00:54]} Qxd5 {[%emt 0:03:42]} 4. Nf3 {[%emt 0:00:59]} e5 {[%emt 0:03:13]} 5. Nc3 {[%emt 0:01:03]} Bb4 {[%emt 0:00:16]} 6. a3 {[%emt 0:01:05]} Bxc3+ {[%emt 0:01:10]} 7. bxc3 {[%emt 0:00:43]} Bg4 {[%emt 0:01:44]} 8. Be3 {[%emt 0:03:00]} Bxf3 {[%emt 0:04:41]} 9. exf3 {[%emt 0:00:58]} Nf6 {[%emt 0:01:21]} 10. dxe5 {[%emt 0:01:52]} Qxe5 {[%emt 0:00:44]} 11. Bb5 {[%emt 0:01:33]} Qxb5 {[%emt 0:02:06]} 12. Rb1 {[%emt 0:01:55]} Qe5 {[%emt 0:01:19]} 13. O-O {[%emt 0:02:14]} O-O {[%emt 0:01:36]} 14. Rxb7 {[%emt 0:00:27]} Rab8 {[%emt 0:01:33]} 15. Bd4 {[%emt 0:01:05]} Qd6 {[%emt 0:02:41]} 16. Rxb8 {[%emt 0:00:51]} Rxb8 {[%emt 0:00:16]} 17. Qa4 {[%emt 0:00:47]} Nxd4 {[%emt 0:01:18]} 18. cxd4 {[%emt 0:00:33]} Qb6 {[%emt 0:00:24]} 19. h3 {[%emt 0:00:28]} Rd8 {[%emt 0:01:36]} 20. Rd1 {[%emt 0:00:32]} Nd5 {[%emt 0:00:44]} 21. Rd3 {[%emt 0:02:18]} Nf4 {[%emt 0:00:50]} 22. Re3 {[%emt 0:00:37]} Rxd4 {[%emt 0:01:31]} 23. Re6 1-0

[Event "GER-ch Youth U10W 2020"]
[Site "Willingen"]
[Date "2020.10.30"]
[Round "5.15"]
[White "Yan, Jenny"]
[Black "Wolf, Anna"]
[Result "1/2-1/2"]
[WhiteElo "952"]
[BlackElo "1098"]
[Annotator "NA RC"]
[PlyCount "148"]
[EventDate "2020.10.27"]
[EventType "swiss"]
[EventRounds "7"]
[EventCountry "GER"]
[SourceTitle "playchess.com"]
[Source "ChessBase"]
[SourceQuality "1"]
[TimeControl "40/4500+30:900+30"]

1. e4 {[%emt 0:00:00]} e6 {[%emt 0:00:00]} 2. b3 {[%emt 0:00:02]} d5 {[%emt 0:00:00]} 3. Bb2 {[%emt 0:00:17]} Nc6 {[%emt 0:00:40]} 4. exd5 {[%emt 0:00:57]} exd5 {[%emt 0:00:13]} 5. Nf3 {[%emt 0:01:17]} Bd6 {[%emt 0:00:31]} 6. Bxg7 {[%emt 0:00:51]} f6 {[%emt 0:01:08]} 7. Bxh8 {[%emt 0:00:36]} b6 {[%emt 0:00:38]} 8. Qe2+ {[%emt 0:00:49]} Qe7 {[%emt 0:00:23]} 9. Qxe7+ {[%emt 0:00:13]} Bxe7 {[%emt 0:00:17]} 10. Bb5 {[%emt 0:00:52]} Bb7 {[%emt 0:00:21]} 11. Nd4 {[%emt 0:01:23]} Kd7 {[%emt 0:00:39]} 12. Nc3 {[%emt 0:00:47]} Re8 {[%emt 0:00:15]} 13. O-O {[%emt 0:00:16]} Bc5 {[%emt 0:00:29]} 14. Nxc6 {[%emt 0:00:50]} Bxc6 {[%emt 0:00:17]} 15. Rae1 {[%emt 0:00:42]} Rf8 16. Bxc6+ Kxc6 {[%emt 0:02:02]} 17. Re6+ {[%emt 0:01:35]} Kd7 {[%emt 0:00:25]} 18. Rfe1 {[%emt 0:00:31]} Rf7 19. Nxd5 Be7 {[%emt 0:04:31]} 20. c4 {[%emt 0:03:16]} c6 {[%emt 0:00:52]} 21. Nb4 {[%emt 0:01:35]} Bxb4 {[%emt 0:00:45]} 22. R1e2 {[%emt 0:02:34]} Bd6 {[%emt 0:00:57]} 23. Re8 {[%emt 0:01:10]} Ne7 {[%emt 0:01:20]} 24. Ra8 {[%emt 0:01:03]} a5 {[%emt 0:00:11]} 25. Ra7+ {[%emt 0:01:38]} Kc8 {[%emt 0:00:12]} 26. Ra8+ {[%emt 0:02:31]} Bb8 {[%emt 0:00:16]} 27. Rxb8+ {[%emt 0:03:20]} Kxb8 {[%emt 0:00:13]} 28. Bxf6 {[%emt 0:00:22]} Nf5 {[%emt 0:00:41]} 29. Re8+ {[%emt 0:01:03]} Kc7 {[%emt 0:00:19]} 30. Bb2 {[%emt 0:01:00]} Nd6 {[%emt 0:01:42]} 31. Re2 {[%emt 0:00:52]} Nb7 {[%emt 0:01:50]} 32. h3 {[%emt 0:00:19]} Nc5 {[%emt 0:00:22]} 33. d4 {[%emt 0:00:46]} Na6 {[%emt 0:00:11]} 34. Re6 {[%emt 0:01:43]} Nb4 {[%emt 0:00:17]} 35. a4 {[%emt 0:01:31]} Rd7 {[%emt 0:00:21]} 36. Rh6 {[%emt 0:01:07]} Nd3 {[%emt 0:00:46]} 37. Ba1 {[%emt 0:01:02]} Nc1 {[%emt 0:00:16]} 38. f4 {[%emt 0:01:02]} Nxb3 {[%emt 0:00:17]} 39. Bb2 {[%emt 0:00:22]} Nd2 {[%emt 0:00:17]} 40. c5 {[%emt 0:00:33]} Kb7 {[%emt 0:00:46]} 41. cxb6 {[%emt 0:15:41]} Rf7 {[%emt 0:15:36]} 42. g3 {[%emt 0:01:04]} Ne4 {[%emt 0:00:41]} 43. Kg2 {[%emt 0:01:11]} Rg7 {[%emt 0:00:22]} 44. d5 {[%emt 0:01:35]} Rxg3+ {[%emt 0:00:27]} 45. Kh2 {[%emt 0:00:29]} cxd5 {[%emt 0:00:30]} 46. Rxh7+ {[%emt 0:00:50]} Kxb6 {[%emt 0:00:07]} 47. Re7 {[%emt 0:00:29]} Rb3 {[%emt 0:00:33]} 48. Bd4+ {[%emt 0:01:07]} Kc6 {[%emt 0:00:14]} 49. Ra7 {[%emt 0:01:45]} Rb4 {[%emt 0:02:53]} 50. Ra6+ {[%emt 0:02:10]} Kd7 {[%emt 0:00:49]} 51. Bb6 {[%emt 0:01:13]} Rxa4 {[%emt 0:00:51]} 52. Rxa5 {[%emt 0:00:33]} Rxa5 {[%emt 0:00:55]} 53. Bxa5 {[%emt 0:00:13]} d4 {[%emt 0:00:11]} 54. Kg2 {[%emt 0:00:14]} Ke6 {[%emt 0:00:22]} 55. Kf3 {[%emt 0:01:09]} Kf5 {[%emt 0:01:16]} 56. h4 {[%emt 0:00:41]} Nc3 {[%emt 0:00:55]} 57. Bb6 {[%emt 0:01:24]} d3 {[%emt 0:01:21]} 58. Be3 {[%emt 0:00:18]} Nd5 59. Bd2 Ne7 {[%emt 0:01:48]} 60. h5 {[%emt 0:01:07]} Ng8 {[%emt 0:00:31]} 61. Bc1 {[%emt 0:00:59]} Nf6 {[%emt 0:00:26]} 62. h6 {[%emt 0:01:26]} Kg6 {[%emt 0:00:16]} 63. h7 {[%emt 0:00:22]} Nxh7 {[%emt 0:00:09]} 64. Ke4 {[%emt 0:00:32]} Nf6+ {[%emt 0:00:19]} 65. Ke5 {[%emt 0:00:52]} Ng4+ {[%emt 0:00:50]} 66. Ke4 {[%emt 0:00:28]} Kf6 {[%emt 0:00:20]} 67. Kxd3 {[%emt 0:00:48]} Kf5 {[%emt 0:00:15]} 68. Ke2 {[%emt 0:00:33]} Nh6 {[%emt 0:00:31]} 69. Kf3 {[%emt 0:00:12]} Ng8 70. Kg3 Nf6 {[%emt 0:01:12]} 71. Bb2 {[%emt 0:00:56]} Nd5 {[%emt 0:00:09]} 72. Be5 {[%emt 0:00:36]} Ne3 {[%emt 0:00:37]} 73. Kf3 {[%emt 0:00:17]} Nc4 {[%emt 0:00:17]} 74. Bb8 {[%emt 0:00:36]} Nd2+ {[%emt 0:20:16]} 1/2-1/2

[Event "GER-ch Youth U10W 2020"]
[Site "Willingen"]
[Date "2020.10.30"]
[Round "5.16"]
[White "Rössling, Laura Marie"]
[Black "Jäger, Viktoria"]
[Result "1-0"]
[WhiteElo "937"]
[BlackElo "1114"]
[Annotator "NA RC"]
[PlyCount "49"]
[EventDate "2020.10.27"]
[EventType "swiss"]
[EventRounds "7"]
[EventCountry "GER"]
[SourceTitle "playchess.com"]
[Source "ChessBase"]
[SourceQuality "1"]
[TimeControl "40/4500+30:900+30"]

1. e4 {[%emt 0:00:00]} e5 {[%emt 0:00:00]} 2. Nf3 {[%emt 0:00:00]} Nc6 {[%emt 0:00:00]} 3. Bc4 {[%emt 0:00:02]} Nd4 {[%emt 0:01:07]} 4. Nxe5 {[%emt 0:02:41]} Qg5 {[%emt 0:01:34]} 5. Ng4 {[%emt 0:07:31]} d5 {[%emt 0:00:16]} 6. Be2 {[%emt 0:01:48]} Nf6 {[%emt 0:02:22]} 7. d3 {[%emt 0:06:57]} Qg6 {[%emt 0:02:58]} 8. Ne3 {[%emt 0:09:50]} Bd6 {[%emt 0:03:52]} 9. g3 {[%emt 0:05:43]} Bh3 {[%emt 0:00:20]} 10. Nc3 {[%emt 0:06:41]} O-O-O {[%emt 0:02:02]} 11. b3 {[%emt 0:02:16]} Kb8 {[%emt 0:04:31]} 12. exd5 {[%emt 0:03:25]} Bb4 {[%emt 0:01:07]} 13. Bd2 {[%emt 0:03:28]} Nf5 {[%emt 0:03:22]} 14. g4 {[%emt 0:03:27]} Ne7 {[%emt 0:07:32]} 15. Rg1 {[%emt 0:02:35]} h6 {[%emt 0:00:52]} 16. Rg3 {[%emt 0:01:44]} Bxc3 {[%emt 0:01:27]} 17. Bxc3 {[%emt 0:01:00]} Nexd5 {[%emt 0:00:21]} 18. Bxf6 {[%emt 0:01:38]} Qxf6 {[%emt 0:01:06]} 19. Nxd5 {[%emt 0:01:27]} Rxd5 {[%emt 0:00:37]} 20. Rxh3 {[%emt 0:01:14]} Re8 {[%emt 0:01:40]} 21. Rb1 {[%emt 0:02:18]} Qc3+ {[%emt 0:01:41]} 22. Kf1 {[%emt 0:01:12]} Rde5 {[%emt 0:00:46]} 23. Qe1 {[%emt 0:01:26]} Qxc2 {[%emt 0:00:40]} 24. Re3 {[%emt 0:01:31]} Qc3 {[%emt 0:01:30]} 25. Qxc3 {[%emt 0:00:34]} 1-0

[Event "GER-ch Youth U10W 2020"]
[Site "Willingen"]
[Date "2020.10.30"]
[Round "5.17"]
[White "Mehner, Clara"]
[Black "Abram, Kristina-Maria"]
[Result "0-1"]
[WhiteElo "1244"]
[BlackElo "1038"]
[Annotator "NA RC"]
[PlyCount "120"]
[EventDate "2020.10.27"]
[EventType "swiss"]
[EventRounds "7"]
[EventCountry "GER"]
[SourceTitle "playchess.com"]
[Source "ChessBase"]
[SourceQuality "1"]
[TimeControl "40/4500+30:900+30"]

1. e4 {[%emt 0:00:00]} e5 {[%emt 0:00:00]} 2. Nf3 {[%emt 0:00:00]} Nc6 {[%emt 0:00:00]} 3. Bc4 {[%emt 0:00:00]} b6 {[%emt 0:00:05]} 4. d3 {[%emt 0:00:41]} h6 {[%emt 0:00:44]} 5. c3 {[%emt 0:02:18]} Bb7 {[%emt 0:01:30]} 6. Bb3 {[%emt 0:04:45]} Nf6 {[%emt 0:02:32]} 7. Nbd2 {[%emt 0:02:05]} Bc5 {[%emt 0:04:00]} 8. O-O {[%emt 0:04:14]} Qe7 {[%emt 0:02:26]} 9. h3 {[%emt 0:09:46]} O-O-O {[%emt 0:03:07]} 10. c4 {[%emt 0:02:12]} Rhg8 {[%emt 0:01:31]} 11. Re1 {[%emt 0:07:08]} Rdf8 {[%emt 0:02:28]} 12. Nf1 {[%emt 0:05:07]} Rh8 {[%emt 0:05:46]} 13. N3h2 {[%emt 0:05:32]} Rfg8 {[%emt 0:02:03]} 14. Ne3 {[%emt 0:03:31]} g5 {[%emt 0:03:04]} 15. Bd2 {[%emt 0:08:22]} h5 {[%emt 0:02:09]} 16. g4 {[%emt 0:05:16]} Bxe3 {[%emt 0:01:01]} 17. Rxe3 {[%emt 0:01:05]} hxg4 {[%emt 0:01:00]} 18. hxg4 {[%emt 0:00:47]} Rh7 {[%emt 0:01:01]} 19. Rg3 {[%emt 0:01:46]} Rgh8 {[%emt 0:00:27]} 20. Rg2 {[%emt 0:00:35]} Ne8 {[%emt 0:00:40]} 21. Qf3 {[%emt 0:01:08]} Nd4 {[%emt 0:01:16]} 22. Qe3 {[%emt 0:01:15]} Rh3 {[%emt 0:02:06]} 23. Qe1 {[%emt 0:00:41]} Nf3+ {[%emt 0:00:25]} 24. Kf1 {[%emt 0:01:58]} Nxe1 {[%emt 0:00:10]} 25. Rxe1 {[%emt 0:00:21]} Rxh2 {[%emt 0:00:12]} 26. Rxh2 {[%emt 0:00:32]} Rxh2 {[%emt 0:00:18]} 27. Kg1 {[%emt 0:01:48]} Rh4 {[%emt 0:00:16]} 28. Bd1 {[%emt 0:00:53]} Qf8 {[%emt 0:00:28]} 29. Bxg5 {[%emt 0:00:50]} Rh7 {[%emt 0:00:33]} 30. Kf1 {[%emt 0:01:59]} Qh8 {[%emt 0:00:21]} 31. Ke2 {[%emt 0:01:13]} Rh1 {[%emt 0:01:01]} 32. Bc2 {[%emt 0:00:58]} Rxe1+ {[%emt 0:00:19]} 33. Kxe1 {[%emt 0:00:11]} Qh1+ {[%emt 0:00:20]} 34. Ke2 {[%emt 0:00:12]} Qh3 {[%emt 0:00:49]} 35. f3 {[%emt 0:01:55]} Qg2+ {[%emt 0:00:16]} 36. Kd1 {[%emt 0:01:14]} Qxf3+ {[%emt 0:00:13]} 37. Kd2 {[%emt 0:00:26]} Qxg4 {[%emt 0:00:20]} 38. Be3 {[%emt 0:00:18]} f5 {[%emt 0:00:43]} 39. exf5 {[%emt 0:01:08]} Qxf5 {[%emt 0:00:08]} 40. d4 {[%emt 0:00:54]} Qf6 {[%emt 0:00:27]} 41. Kc3 {[%emt 0:16:18]} Qf3 {[%emt 0:15:21]} 42. Kd2 {[%emt 0:00:18]} Be4 {[%emt 0:00:22]} 43. Bh6 {[%emt 0:01:18]} Bxc2 {[%emt 0:00:20]} 44. Kxc2 {[%emt 0:00:11]} Qg2+ {[%emt 0:00:10]} 45. Kb1 {[%emt 0:00:31]} exd4 {[%emt 0:00:23]} 46. Bf4 {[%emt 0:01:34]} d3 {[%emt 0:00:09]} 47. a3 {[%emt 0:01:13]} d2 {[%emt 0:00:09]} 48. Bxd2 {[%emt 0:00:24]} Qxd2 {[%emt 0:00:08]} 49. Ka2 {[%emt 0:00:18]} d5 {[%emt 0:00:09]} 50. cxd5 {[%emt 0:00:13]} Qxd5+ {[%emt 0:00:07]} 51. Ka1 {[%emt 0:00:34]} c5 {[%emt 0:00:22]} 52. Kb1 {[%emt 0:00:23]} Qd1+ {[%emt 0:00:16]} 53. Ka2 {[%emt 0:00:09]} c4 {[%emt 0:00:07]} 54. a4 {[%emt 0:00:20]} Qxa4+ {[%emt 0:00:08]} 55. Kb1 {[%emt 0:00:13]} c3 {[%emt 0:00:10]} 56. bxc3 {[%emt 0:00:20]} Qb3+ {[%emt 0:00:09]} 57. Ka1 {[%emt 0:00:17]} Qxc3+ {[%emt 0:00:07]} 58. Kb1 {[%emt 0:00:26]} Nd6 {[%emt 0:00:14]} 59. Ka2 {[%emt 0:00:15]} Nc4 {[%emt 0:00:11]} 60. Kb1 {[%emt 0:00:08]} Qb2# {[%emt 0:00:06]} 0-1